Logo Biblioteca

Manual para estudiar textos académicos : (Registro nro. 843)

Detalles MARC
000 -LEADER
fixed length control field 00938nam a2200277 a 4500
001 - CONTROL NUMBER
control field 001483913
003 - CONTROL NUMBER IDENTIFIER
control field AR-RoUNCS
005 - DATE AND TIME OF LATEST TRANSACTION
control field 20251212123117.0
008 - FIXED-LENGTH DATA ELEMENTS--GENERAL INFORMATION
fixed length control field 190906s2019 ag fr 001 0 spa
015 ## - NATIONAL BIBLIOGRAPHY NUMBER
National bibliography number AR-2019
020 ## - INTERNATIONAL STANDARD BOOK NUMBER
International Standard Book Number 978-987-538-648-8
040 ## - CATALOGING SOURCE
Original cataloging agency AR-BaBN
Language of cataloging spa
Transcribing agency AR-BaBN
Description conventions aacr
044 ## - COUNTRY OF PUBLISHING/PRODUCING ENTITY CODE
MARC country code ag
ISO country code ar-c
080 1# - UNIVERSAL DECIMAL CLASSIFICATION NUMBER
Universal Decimal Classification number 028.1(07)
Edition identifier 2016
100 1# - MAIN ENTRY--PERSONAL NAME
Personal name Glozman, Mara
Relator term autora
Relationship aut
245 10 - TITLE STATEMENT
Title Manual para estudiar textos académicos :
Remainder of title prácticas, conceptos y métodos en los procesos de lectura y escritura /
Statement of responsibility, etc. Mara Glozman, Karina Savio ; con prólogo de Elvira Narvaja de Arnoux.
250 ## - EDITION STATEMENT
Edition statement 1a ed.
260 ## - PUBLICATION, DISTRIBUTION, ETC.
Place of publication, distribution, etc. Buenos Aires :
Name of publisher, distributor, etc. Noveduc,
Date of publication, distribution, etc. 2019.
300 ## - PHYSICAL DESCRIPTION
Extent 244 p. ;
Dimensions 28 cm.
490 0# - SERIES STATEMENT
Series statement Colección Universidad
Volume/sequential designation 21
650 #7 - SUBJECT ADDED ENTRY--TOPICAL TERM
Topical term or geographic name entry element Estudio
Source of heading or term embne
General subdivision Métodos
650 #7 - SUBJECT ADDED ENTRY--TOPICAL TERM
Topical term or geographic name entry element Lectura
General subdivision Técnicas
Source of heading or term embne
700 1# - ADDED ENTRY--PERSONAL NAME
Personal name Savio, Karina
700 1# - ADDED ENTRY--PERSONAL NAME
Personal name Narvaja de Arnoux, Elvira,
Dates associated with a name 1946-
Relator term prologuista
Relationship aui
942 ## - ADDED ENTRY ELEMENTS (KOHA)
Source of classification or shelving scheme Universal Decimal Classification
Koha item type Libro de préstamo a domicilio
Suppress in OPAC No
Existencias
Withdrawn status Lost status Source of classification or shelving scheme Damaged status Not for loan Collection Home library Current library Date acquired Source of acquisition Total checkouts Full call number Barcode Date last seen Price effective from Koha item type
    Universal Decimal Classification     Colección General Biblioteca Escuela de Ciencias Sociales Biblioteca Escuela de Ciencias Sociales 12/12/2025 Donación 2023   028.1(07) 000529 12/12/2025 12/12/2025 Libro de préstamo a domicilio
Biblioteca de la Escuela Preuniversitaria en Ciencias Sociales y Humanísticas.
Riobamba 250 bis.
CP 2000 - Rosario - Santa Fe
E-Mail: biblioteca@esociales.unr.edu.ar